[Event "Meghalaya op 1st"]
[Site "Shillong"]
[Date "2023.12.14"]
[Round "2"]
[White "Soureen, Bhattacharya"]
[Black "Elgabry, Mohsen"]
[Result "1/2-1/2"]
[WhiteElo "1747"]
[BlackElo "2215"]
[PlyCount "116"]
[EventDate "2023.12.13"]
[EventType "swiss"]
[EventRounds "10"]
[EventCountry "IND"]
[SourceTitle "CB52_2023"]
[SourceDate "2023.12.27"]
[SourceVersion "1"]
[SourceVersionDate "2023.12.27"]
[SourceQuality "1"]

1. e4 g6 2. d4 Bg7 3. Nc3 c6 4. Be3 d5 5. Nf3 dxe4 6. Nxe4 Nd7 7. Bd3 Ngf6 8. Qd2 Nxe4 9. Bxe4 Nf6 10. Bd3 0-0 11. 0-0 a5 12. h3 Nd5 13. Bh6 Re8 14. Bxg7 Kxg7 15. c3 Qd6 16. Rfe1 f6 17. c4 Nf4 18. Bf1 g5 19. Qe3 Bf5 20. Rad1 Rad8 21. d5 c5 22. g3 Ng6 23. Nd2 b6 24. Ne4 Qe5 25. Nc3 Qxe3 26. Rxe3 Bd7 27. Ne4 h6 28. Nd2 Ne5 29. Nf3 Nf7 30. Rde1 Kf8 31. Kh2 Nd6 32. Bd3 Kf7 33. Nd2 e5 34. Ne4 Nxe4 35. Bxe4 f5 36. Bf3 Kf6 37. g4 f4 38. Rd3 h5 39. gxh5 Bf5 40. Rd2 Rd6 41. Bg4 e4 42. Rde2 b5 43. Bf3 bxc4 44. Bxe4 Bxe4 45. Rxe4 Rxe4 46. Rxe4 Rxd5 47. Rxc4 Kg7 48. Ra4 Kh6 49. Rxa5 Rd2 50. Kg2 Rxb2 51. a4 Ra2 52. Rxc5 Rxa4 53. h4 f3+ 54. Kg3 Rxh4 55. Rc8 Rf4 56. Rh8+ Kg7 57. Rb8 Kh6 58. Rh8+ Kg7 1/2-1/2

[Event "Bhubaneswar op-A 14th"]
[Site "Bhubaneswar"]
[Date "2023.06.13"]
[Round "3"]
[White "Gochelashvili, David"]
[Black "Soureen, Bhattacharya"]
[Result "1-0"]
[WhiteElo "2330"]
[BlackElo "1631"]
[PlyCount "125"]
[EventDate "2023.06.11"]
[EventType "swiss"]
[EventRounds "10"]
[EventCountry "IND"]
[SourceTitle "CBM 214 Extra"]
[Source "ChessBase"]
[SourceDate "2023.07.31"]
[SourceVersion "1"]
[SourceVersionDate "2023.07.31"]
[SourceQuality "1"]

1. e4 c5 2. Nf3 d6 3. d4 cxd4 4. Nxd4 Nf6 5. Nc3 g6 6. Be3 Bg7 7. f3 0-0 8. Qd2 Nc6 9. Bc4 Bd7 10. 0-0-0 Rc8 11. Bb3 Nxd4 12. Bxd4 b5 13. Nd5 Nxd5 14. Bxg7 Kxg7 15. exd5 a5 16. a3 b4 17. axb4 axb4 18. Qxb4 Rb8 19. Qc3+ Kg8 20. Rhe1 Re8 21. Re4 Qb6 22. Qd4 Qc7 23. Re3 Rec8 24. Rc3 Qa5 25. Rxc8+ Rxc8 26. Bc4 Qa1+ 27. Kd2 Qa5+ 28. Kc1 Qa1+ 29. Kd2 Qa5+ 30. Ke3 Bf5 31. Rc1 Qc7 32. b3 e5 33. dxe6 Bxe6 34. Bxe6 fxe6 35. h4 Rb8 36. Qd3 Qc5+ 37. Ke2 Rb4 38. g3 Kf7 39. Rd1 d5 40. Kf1 Rb6 41. Rd2 Rc6 42. Re2 Qc3 43. Qb5 Qa1+ 44. Kg2 Qa6 45. Qxa6 Rxa6 46. Kf2 Rc6 47. c4 Rb6 48. cxd5 exd5 49. Rb2 Rb4 50. Ke3 Ke6 51. Kd3 d4 52. Kc2 Kd5 53. Ra2 Rb7 54. Ra5+ Kd6 55. h5 gxh5 56. Rxh5 Rf7 57. f4 Rc7+ 58. Kd3 Rc3+ 59. Kxd4 Rxg3 60. Rh6+ Ke7 61. Rxh7+ Kf6 62. b4 Kf5 63. b5 1-0

[Event "Bhubaneswar op-A 14th"]
[Site "Bhubaneswar"]
[Date "2023.06.11"]
[Round "1"]
[White "Om, Nagnath Lamkane"]
[Black "Soureen, Bhattacharya"]
[Result "0-1"]
[WhiteElo "1840"]
[BlackElo "1631"]
[PlyCount "74"]
[EventDate "2023.06.11"]
[EventType "swiss"]
[EventRounds "10"]
[EventCountry "IND"]
[SourceTitle "EXT 2024"]
[Source "ChessBase"]
[SourceDate "2023.10.10"]
[SourceVersion "1"]
[SourceVersionDate "2023.10.10"]
[SourceQuality "1"]

1. e4 c5 2. Nf3 d6 3. d4 cxd4 4. Nxd4 Nf6 5. Nc3 g6 6. Be3 Bg7 7. f3 0-0 8. Qd2 Nc6 9. Bc4 Bd7 10. 0-0-0 Rc8 11. Bb3 Nxd4 12. Bxd4 b5 13. g4 a5 14. a3 b4 15. axb4 axb4 16. Nb1 Qa5 17. h4 Ba4 18. Bxa4 Qxa4 19. Rh2 Rc6 20. Qd3 Rfc8 21. Rdd2 Nd7 22. b3 Qa2 23. c4 Qa5 24. Ra2 Qd8 25. Bxg7 Kxg7 26. Nd2 Qb6 27. Re2 e6 28. Kb2 d5 29. exd5 exd5 30. Re7 Rd6 31. cxd5 Rc3 32. Qe4 Nf6 33. Qf4 Qc5 34. Ne4 Qd4 35. Rxf7+ Kh8 36. Ra8+ Rc8+ 37. Kb1 Qd1+ 0-1